000 00994nam a22002657a 4500
999 _c22621
_d22621
003 AR-CdUCM
008 190409b ||||| |||| 00| 0 spa d
040 _aMUNICIPALIDAD PROVINCIAL DEL CUSCO
_cBIBLIOTECA MUNICIPAL DEL CUSCO
082 _a306.09953/M19
_bM19
100 _aMalinowski, Bronislaw
_948682
245 _aLos argonautas del Pacífico Occidental /
_cBronislaw Malinowski
260 _aCusco :
_bUniversidad Nacional de San Antonio Abad del Cusco,
_bUniversidad Federal del Acre Brasil,
_bJL editores,
_c2012.
300 _a390 páginas. :
_c29 cm.
650 _aEtnología
_91915
650 _aAntropología
_9878
650 _aFolclore
_93233
650 _aSociedad primitiva
_914290
650 _aPapúa Nueva Guinea
_948683
650 _aVida y costumbres sociales
_9857
650 _aTrobriand
_948684
710 _aUniversidad Nacional de San Antonio Abad del Cusco
_915942
710 _aUniversidad Federal del Acre Brasil
_948685
942 _2ddc
_cLIBROS
945 _arac